header

Exploring microeconomics / (Record no. 255900)

MARC details
000 -LEADER
fixed length control field 01098cam a22003014a 4500
001 - CONTROL NUMBER
control field 15944227
003 - CONTROL NUMBER IDENTIFIER
control field OSt
005 - DATE AND TIME OF LATEST TRANSACTION
control field 20170302093514.0
008 - FIXED-LENGTH DATA ELEMENTS--GENERAL INFORMATION
fixed length control field 091014s2011 at a 001 0 eng
010 ## - LIBRARY OF CONGRESS CONTROL NUMBER
LC control number 2009939190
020 ## - INTERNATIONAL STANDARD BOOK NUMBER
International Standard Book Number 9781439040508
International Standard Book Number 1439040508
040 ## - CATALOGING SOURCE
Original cataloging agency DLC
Transcribing agency DLC
Modifying agency DLC
050 00 - LIBRARY OF CONGRESS CALL NUMBER
Classification number HB171.5
Item number .S5447 2011
100 1# - MAIN ENTRY--PERSONAL NAME
Personal name Sexton, Robert L.
245 10 - TITLE STATEMENT
Title Exploring microeconomics /
Statement of responsibility, etc Robert L. Sexton.
250 ## - EDITION STATEMENT
Edition statement 5th ed.
260 ## - PUBLICATION, DISTRIBUTION, ETC. (IMPRINT)
Place of publication, distribution, etc Australia ;
-- Mason, OH :
Name of publisher, distributor, etc South-Western Cengage Learning,
Date of publication, distribution, etc c2011.
300 ## - PHYSICAL DESCRIPTION
Extent xxxii, 637 p. :
Other physical details col. ill. ;
Dimensions 28 cm.
500 ## - GENERAL NOTE
General note Includes index.
650 #0 - SUBJECT ADDED ENTRY--TOPICAL TERM
Topical term or geographic name as entry element Economics.
856 42 - ELECTRONIC LOCATION AND ACCESS
Materials specified Contributor biographical information
Uniform Resource Identifier <a href="http://www.loc.gov/catdir/enhancements/fy1105/2009939190-b.html">http://www.loc.gov/catdir/enhancements/fy1105/2009939190-b.html</a>
Materials specified Publisher description
Uniform Resource Identifier <a href="http://www.loc.gov/catdir/enhancements/fy1105/2009939190-d.html">http://www.loc.gov/catdir/enhancements/fy1105/2009939190-d.html</a>
Materials specified Table of contents only
Uniform Resource Identifier <a href="http://www.loc.gov/catdir/enhancements/fy1105/2009939190-t.html">http://www.loc.gov/catdir/enhancements/fy1105/2009939190-t.html</a>
906 ## - LOCAL DATA ELEMENT F, LDF (RLIN)
a 7
b cbc
c orignew
d 3
e epcn
f 20
g y-gencatlg
942 ## - ADDED ENTRY ELEMENTS (KOHA)
Source of classification or shelving scheme Library of Congress Classification
Koha item type Long Loan Books
Holdings
Withdrawn status Lost status Source of classification or shelving scheme Damaged status Not for loan Collection code Home library Current library Shelving location Date acquired Total Checkouts Full call number Barcode Date last seen Date checked out Price effective from Koha item type
    Library of Congress Classification     Non-fiction Rongo University Library Rongo University Library General Stacks 02/03/2017 4 HB171.5 .S5447 2011 201618322 24/03/2026 12/01/2026 02/03/2017 Long Loan Books

© 2026 Rongo University
Contact us: librarian | system librarian | Rongo university